logo

Bir Sreshtho Munshi Abdur Rouf Library
Jhenaidah Cadet College

Works of Govinda Chandra Dev / (Record no. 7139)

MARC details
000 -LEADER
fixed length control field 00937cam a2200313 a 4500
001 - CONTROL NUMBER
JCCL Control Number 7139
003 - CONTROL NUMBER IDENTIFIER
JCCL marc code BD-JhCC
005 - DATE AND TIME OF LATEST TRANSACTION
control field 20180205131607.0
008 - FIXED-LENGTH DATA ELEMENTS--GENERAL INFORMATION
fixed length control field 820812m19781980ii c b 001 0 eng
035 ## - SYSTEM CONTROL NUMBER
system control number (BD-JhCC)
040 ## - CATALOGING SOURCE
Original cataloging agency DLC
Transcribing agency DLC
Modifying agency DLC
-- OCoLC
-- DLC
041 0# - LANGUAGE CODE
Language code of Book eng
Language code of summary or abstract/overprinted title or subtitle ben
050 00 - LIBRARY OF CONGRESS CALL NUMBER
Classification number B5149
Item number .D48 1980
082 00 - DEWEY DECIMAL CLASSIFICATION NUMBER
Classification number 181
DDC Edition number 19
Author mark and Year DEV 1980
100 1# - MAIN ENTRY--PERSONAL NAME
Personal name Dev, Govinda Chandra.
240 10 - UNIFORM TITLE
Uniform title Works /
245 10 - TITLE STATEMENT
Title Works of Govinda Chandra Dev /
Statement of responsibility, etc collected & edited by Hasan Azizul Huq.
250 ## - EDITION STATEMENT
Edition statement 1st ed.
260 ## - PUBLICATION, DISTRIBUTION, ETC. (IMPRINT)
Place of publication, distribution, etc Dacca :
Name of publisher, distributor, etc Bangla Academy,
Date of publication, distribution, etc 1978-1980.
300 ## - PHYSICAL DESCRIPTION
Pagination 576p. :
Other physical details port. ;
Dimensions 25 cm.
500 ## - GENERAL NOTE
General note English and Bengali.
500 ## - GENERAL NOTE
General note Vol. 3 has title: Gobindacandra Deba racanābalī.
504 ## - BIBLIOGRAPHY, ETC. NOTE
Bibliography, etc Includes bibliographical reaferences and index.
650 #0 - SUBJECT ADDED ENTRY--TOPICAL TERM
Topical term or geographic name as entry element Philosophy.
700 1# - ADDED ENTRY--PERSONAL NAME
Personal name Haka, Hāsāna Ājijula,
Dates associated with a name 1939-
740 0# -
Uncontrolled related/analytical title Gobindracandra Deba racanābalī.
942 ## - ADDED ENTRY ELEMENTS (KOHA)
Source of classification or shelving scheme Dewey Decimal Classification
Koha item type Books
Holdings
Source of classification or shelving scheme volume number Damaged status Not for loan Home library Current library Shelving location Date of accession Total Checkouts Full call number Barcode Date last seen Copy number Koha item type Cost, normal purchase price
Dewey Decimal Classification V-1     JCC Rouf Library JCC Rouf Library General Stacks 02/05/2018   181 DEV 1980 8652 02/05/2018 C-1 Books  
Dewey Decimal Classification V-2     JCC Rouf Library JCC Rouf Library General Stacks 03/25/2018   181 DEV 1980 9137 03/25/2018 C-2 Books 26.00

JCC Library | Contacts | JCC Home

Last Update on 23 September 2017
Copyright @ 2017-2020 JCC Rouf Library
Rouf Library, Jhenidah Cadet College (JCC), Bangladesh